| 000 | 00567nam a22001817a 4500 | ||
|---|---|---|---|
| 999 |
_c190582 _d190582 |
||
| 005 | 20220728115658.0 | ||
| 010 | _aENG-134075 | ||
| 020 |
_c299.00 _a9789382711322 |
||
| 035 | _aEN-117607 | ||
| 037 | _bDBAD/PUB | ||
| 082 | _a658.4063 | ||
| 100 | _aNarang, Sanjiv | ||
| 245 |
_aInnovation: _bWhy, What and How/ _cSanjiv Narang |
||
| 260 |
_aNew Delhi _bVitasta Publishing Pvt Ltd _c2016 |
||
| 270 |
_bNew Delhi _a2/15, Ansari Road, Daryaganj _e110002 _minfo@vitastapublishing.com |
||
| 300 |
_a152p. _c19cm (pkb) |
||
| 942 |
_2ddc _cEN _h658.4063 _mNAR |
||